Дело по отношению министра финансов, о предположении военного губернатора города Воронежа и Воронежского гражданского губернатор...

Доступно только в Электронных читальных залах Найти на картеНа карте
RUSMARC
00003651nmc2a2200000 x 450
0019c93aaef-9109-4ec0-8067-9b87ec4c98f0
00520160628151956.0
100##$a20151112l18391843k l0rusy0189 ca
1010#$arus
102##$aRU
2001#$aДело по отношению министра финансов, о предположении военного губернатора города Воронежа и Воронежского гражданского губернатора, насчет отдачи в содержание в этой губернии желающим почтовых станций, вместо трех на шесть лет
$j3 мая 1839 г. - 15 июня 1843 г.
251##$cДело
300##$aДело
801#0$aRU
$bРГИА
$c20151112
$gRCR
801#1$aRU
$bГлавНИВЦ
$c20151112
$2rusmarc
801#2$aRU
$bПБ им. Б.Н. Ельцина
$c20160628
$gRCR
$2rusmarc
850##$aРГИА
852##$aРГИА
$eФедеральное казенное учреждение "Российский государственный исторический архив" (РГИА)
$j397
937##$hРГИА
$d12181302
$aASBIBLIO_SCAN
461#0$10013e300ed0-cd39-49af-8489-5ba5b90fa401
$12001
$aДепартамент полиции исполнительной МВД
$1251
$cФонд
$1852
$j1286
215##$a25 л.
$d36,5х26 см
371##$aДокумент не является опубликованным и широко распространяемым
105##$ay###
1222#$ad
462#0$10017a737680-4450-41d6-aaa0-facf795de428
$12001
$a1838-1840 гг. Дела Департамента полиции исполнительной МВД за 1839 г.
$1251
$cОпись
$1852
$j7
035##$a9c93aaef-9109-4ec0-8067-9b87ec4c98f0
Формат отображения